Antonio berni /

Guardado en:
Autor Principal: Guidalevich, Vali
Formato: Libro
Publicado: Buenos Aires : Albatros, 2013
Series:Arte para chicos
Materias:
Etiquetas: Agregar Etiqueta
Sin Etiquetas, Sea el primero en etiquetar este registro!
LEADER 00762nam a22002775a 4500
001 CEM.cems015562
005 20191213163127.0
008 130507s2013##################000#0#####d
003 CEMS
020 |a 9789502413907 
082 0 4 |a 759.982 
100 1 |a Guidalevich, Vali 
245 1 0 |a Antonio berni /  |c Vali Guidalevich 
260 |a Buenos Aires :  |b Albatros,  |c 2013 
300 |a 48 p. 
490 0 |a Arte para chicos 
653 |a Literatura 
653 |a Literatura argentina 
653 |a Literatura infantil 
653 |a Pintura 
653 |a Pintura argentina 
653 |a Berni 
653 |a Arte 
653 |a Biografía 
653 |a Colección ciencias de la educación 
859 |a CEMS  |b BIB. CEMS - Ccias. Educacion  |h 759.982  |i G941-1  |k CE  |p 29023.19  |t Ej.1